000
00192 a2200097 4500
001
19945
100
_a
Brown, C
245
_a
Transistor
260
_a
_b
Butter-Worth
_c
090
_c
14554
_d
14554
942
_a
NUST-CAE
_c
M
_c
5063
999
_c
255018
_d
255018